LEADER 01138nam2 22002653i 450 001 SUN0105980 005 20160712094515.965 010 $a978-88-243-2159-4$d0.00 100 $a20160712d2012 |0itac50 ba 101 $aita 102 $aIT 105 $a|||| ||||| 200 1 $a2: L'*organizzazione giuridica$fFranco Vallocchia 210 $aNapoli$cJovene$d2012 215 $aXII, 172 p.$d24 cm. 410 1$1001SUN0066914$12001 $aPubblicazioni del Dipartimento di scienze giuridiche, Universitą degli studi di Roma La Sapienza$v72$1210 $aNapoli$cJovene. 461 1$1001SUN0105978$12001 $a*Studi sugli acquedotti pubblici romani$fFranco Vallocchia$v2$1210 $aNapoli$cJovene$1215 $a2 volumi$d24 cm. 620 $dNapoli$3SUNL000005 700 1$aVallocchia$b, Franco$3SUNV082334$0505321 712 $aJovene$3SUNV000014$4650 801 $aIT$bSOL$c20181203$gRICA 912 $aSUN0105980 950 $aUFFICIO DI BIBLIOTECA DEL DIPARTIMENTO DI GIURISPRUDENZA$d00CONS VIII.Eo.891 72 $e00UBG1067 20160712 996 $aOrganizzazione giuridica$91439808 997 $aUNICAMPANIA LEADER 01927nam0 2200469 i 450 001 MIL0175739 005 20251003044227.0 010 $a8808141926 020 $aIT$b94-2997 100 $a19971014d1993 ||||0itac50 ba 101 | $aita 102 $ait 181 1$6z01$ai $bxxxe 182 1$6z01$an 183 1$6z01$anc$2RDAcarrier 200 1 $aˆLa ‰forma delle piante$eguida illustrata alla morfologia delle angiosperme$fAdrian D. Bell$gi disegni al tratto sono di Alan Bryan 210 $aBologna$cZanichelli$d1993 215 $aXII, 337 p.$cill.$d17x24 cm 300 $aTrad. di Francesco Bracco, rev. di Antonio Visoną. 500 10$aPlant form.$3MIL0175742$9MILV036938$920057 606 $aAngiosperme$xMorfologia$2FIR$3CFIC068208$9E 676 $a581.4$9$v21 676 $a582.13$9PIANTE NOTE PER I LORO FIORI$v21 676 $a582.1304$9ANATOMIA E MORFOLOGIA DELLE PIANTE DA FRUTTO ERBACEE$v20 676 $a582.13044$9SPERMATOFITE. PIANTE DA FIORI ERBACEE. ANATOMIA E MORFOLOGIA$v19 676 $a582.13044$9Anatomia e morfologia delle piante da frutto erbacee$v21 696 $aMagnoliofite$aMagnoliophyta$aAngiospermae$aMorfologia $aMorfologia grammaticale 699 $aAngiosperme$yMagnoliofite 699 $aAngiosperme$yMagnoliophyta 699 $aAngiosperme$yAngiospermae 699 $aMorfologia$yMorfologia 699 $aMorfologia$yMorfologia grammaticale 700 1$aBell$b, Adrian D.$3MILV036938$4070$077218 702 1$aBryan$b, Alan$3MILV036939 801 3$aIT$bIT-000000$c19971014 850 $aIT-BN0095 901 $bNAP 01$cSALA $n$ 912 $aMIL0175739 950 0$aBiblioteca Centralizzata di Ateneo$d 01SALA 582.13 BEL fo$e 0104 0000023405 VMA $fY $h20121129$i20121129 977 $a 01 996 $aPlant form$920057 997 $aUNISANNIO